[Event "Muensterland Verbandsklasse-A 1112"]
[Site "Germany"]
[Date "2012.05.12"]
[Round "9.7"]
[White "Winterboer, Ulrich"]
[Black "Rothkegel, Juergen"]
[Result "0-1"]
[WhiteElo "1332"]
[BlackElo "1845"]
[PlyCount "62"]
[EventDate "2011.09.17"]
[EventType "team-tourn"]
[EventRounds "9"]
[EventCountry "GER"]
[SourceTitle "EXT 2013"]
[Source "ChessBase"]
[SourceDate "2012.11.22"]
[SourceVersion "1"]
[SourceVersionDate "2012.11.22"]
[SourceQuality "1"]
[WhiteTeam "Ostbevern Westbevern II"]
[BlackTeam "Gronau"]
[WhiteTeamCountry "GER"]
[BlackTeamCountry "GER"]

1. e4 c5 2. d4 cxd4 3. Qxd4 Nc6 4. Qd1 Nf6 5. Nc3 g6 6. Nf3 Bg7 7. Bd3 d6 8. 0-0 Bg4 9. Be3 a6 10. h3 Bd7 11. Re1 0-0 12. Qd2 Re8 13. Bc4 b5 14. Bb3 Na5 15. Ng5 Nc4 16. Qc1 e6 17. a3 Qc7 18. Rd1 Bc6 19. Rb1 Rad8 20. f4 h6 21. Bxc4 bxc4 22. Nf3 Nxe4 23. Nxe4 Bxe4 24. Nd4 e5 25. fxe5 dxe5 26. Ne2 Rxd1+ 27. Qxd1 Rd8 28. Qc1 Qc6 29. Qf1 Bxc2 30. Rc1 Qe4 31. Bf2 Bd3 0-1